000
00300nam a22001217a 4500
999
_c
534132
_d
534132
040
_c
dlc
082
_a
891.4398
100
_a
Aman Ullah Nayyar Shoukat
_9
28277
245
_a
Hansna Mana nahi
260
_a
Lahore
_b
Ch. Ghulam Rasool & Sons Publications
_c
[N.D]
300
_a
240;p
942
_2
ddc
_c
BK